Najlepsi piłkarze z danego kraju 2 - Statystyki

Ogólne statystyki
  • Ten quiz został rozwiązany 180 razy
  • Średni wynik to 4 z 5
Statystyki odpowiedzi
Narodowość Klub Odpowiedź % Poprawnych
Polska Fc Barcelona Lewandowski
98%
Francja PSG Mbappè
98%
Brazylia Al-hilal Neymar
97%
Norwegia Manchester City Haaland
92%
Iran Fc Porto Taremi
51%
Nie znaleziono quizów pasujących do podanych kryteriów
Rozkład punktacji
Procent ludzi z każdym wynikiem
Percentyl według liczby udzielonych odpowiedzi
Twoja historia wyników
Nie rozwiązałeś tego quizu